Problems Solving in Data Structures and Algorithms Using C++ (Record no. 13319)

MARC details
000 -LEADER
fixed length control field 00468nam a22001697a 4500
003 - CONTROL NUMBER IDENTIFIER
control field OSt
008 - FIXED-LENGTH DATA ELEMENTS--GENERAL INFORMATION
fixed length control field 250418b |||||||| |||| 00| 0 eng d
020 ## - INTERNATIONAL STANDARD BOOK NUMBER
International Standard Book Number 9789365890389
082 ## - DEWEY DECIMAL CLASSIFICATION NUMBER
Classification number 005.133 JAP
100 ## - MAIN ENTRY--PERSONAL NAME
Personal name JAIN,Hemant
245 ## - TITLE STATEMENT
Title Problems Solving in Data Structures and Algorithms Using C++
250 ## - EDITION STATEMENT
Edition statement 1st Ed
260 ## - PUBLICATION, DISTRIBUTION, ETC. (IMPRINT)
Place of publication, distribution, etc New Delhi
Name of publisher, distributor, etc BPB
Date of publication, distribution, etc 2025
300 ## - PHYSICAL DESCRIPTION
Extent 500
650 ## - SUBJECT ADDED ENTRY--TOPICAL TERM
Topical term or geographic name as entry element Problems Solving in Data Structures and Algorithms Using C++
942 ## - ADDED ENTRY ELEMENTS (KOHA)
Source of classification or shelving scheme Dewey Decimal Classification
Koha item type Text Books
Holdings
Withdrawn status Lost status Source of classification or shelving scheme Damaged status Not for loan Collection code Home library Current library Date acquired Source of acquisition Currency Cost, normal purchase price Bill Number Total Checkouts Full call number Acc. no. / Barcode Date last seen Actual Cost, discounted price Bill Date Koha item type Date last borrowed
    Dewey Decimal Classification     Computer Science and Engineering in AI & Data Science PIET C-LIBRARY PIET C-LIBRARY 11/04/2025 Zaffa Books INR 1099.00 ZBD0037   005.133 JAP 39197 18/04/2025 802.27 11/04/2025 Reference Books  
    Dewey Decimal Classification     Computer Science and Engineering in AI & Data Science PIET C-LIBRARY PIET C-LIBRARY 11/04/2025 Zaffa Books INR 1099.00 ZBD0037 1 005.133 JAP 39198 27/12/2025 802.27 11/04/2025 Text Books 22/12/2025
    Dewey Decimal Classification     Computer Science and Engineering in AI & Data Science PIET C-LIBRARY PIET C-LIBRARY 11/04/2025 Zaffa Books INR 1099.00 ZBD0037 2 005.133 JAP 39199 27/11/2025 802.27 11/04/2025 Text Books 13/11/2025
    Dewey Decimal Classification     Computer Science and Engineering in AI & Data Science PIET C-LIBRARY PIET C-LIBRARY 11/04/2025 Zaffa Books INR 1099.00 ZBD0037 2 005.133 JAP 39200 19/12/2025 802.27 11/04/2025 Text Books 09/12/2025
    Dewey Decimal Classification     Computer Science and Engineering in AI & Data Science PIET C-LIBRARY PIET C-LIBRARY 11/04/2025 Zaffa Books INR 1099.00 ZBD0037 4 005.133 JAP 39201 24/04/2026 802.27 11/04/2025 Text Books 09/04/2026

Design & Developed by: PIET Central Library
R70 Miles Stone Pattikalyana Samalkha Panipat 132102
mail ID :- [email protected], Phone No:- 0180-2569700 Ex.216